Buc, M.: HLA-komplex v biológii a medicíne

Bibliographic Details
Main Authors: Rajčáni, Július, 1937- (Author), Buc, Milan, 1944- (Author)
Format: Article
Language:Slovak
Subjects:

MARC

LEADER 00000nab a2200000 a 4500
001 vtls000401245
003 SK-MaSNL
005 20260304212149.0
008 250424c1990 xo 0 slo
015 |a SNBRB19rr/mm-uuuuu 
035 |a CL0401369 
035 |a urn:nbn:sk:snk-ab9k6 
035 |a (urnnbn)urn:nbn:sk:snk:ar-a03c98 
035 |a (uuid)c7a65d54-0720-421b-8ba8-61797842f9b0 
040 |a SNKBUCL  |b slo  |c SNKBUCL  |e AACR2 
041 0 |a slo 
044 |a xo  |c SK 
080 |a 612.017  |2 1981 
100 1 |a Rajčáni, Július,  |d 1937-  |4 aut  |9 39647 
245 1 0 |a Buc, M.: HLA-komplex v biológii a medicíne  |c Július Rajčáni 
650 0 7 |a imunológia  |2 snkbucl  |9 51082 
650 0 7 |a HLA komplex  |2 snkbucl  |9 239007 
655 7 |a články z novín a časopisov  |2 snkbucl  |9 267496 
700 1 |a Buc, Milan,  |d 1944-  |4 aut  |9 200548 
773 0 |t Bratislavské lekárske listy  |g Roč. 91, č. 11 (1990), s. 860 
787 0 8 |i Rec.:  |a Buc, M.  |t HLA-komplex v biológii a medicíne  |d Bratislava : Veda, 1989 
850 |a Slovenská národná knižnica 
852 |a Slovenská národná knižnica 
958 |a article27 
958 |a RK 
958 |a MI 
958 |a OND 
958 |a EUIPO 
992 |a RBX 
999 |c 3130213  |d 3132143